ইকবালের কবিতা / (Record no. 48578)
[ view plain ]
| 000 -LEADER | |
|---|---|
| fixed length control field | 00989nam a22002657a 4500 |
| 001 - CONTROL NUMBER | |
| control field | 48578 |
| 003 - CONTROL NUMBER IDENTIFIER | |
| rucl marc code | BD-RjUL |
| 005 - DATE AND TIME OF LATEST TRANSACTION | |
| control field | 20211209054541.0 |
| 008 - FIXED-LENGTH DATA ELEMENTS--GENERAL INFORMATION | |
| fixed length control field | 160810s1952 bg ||||| |||| 00| 0 ben d |
| 020 ## - INTERNATIONAL STANDARD BOOK NUMBER | |
| Terms of availability | : TK 3.00 |
| 035 ## - SYSTEM CONTROL NUMBER | |
| System control number | (BD-RjUL)48697 |
| 040 ## - CATALOGING SOURCE | |
| Original cataloging agency | BD-RjUL |
| Language of cataloging | ben |
| Transcribing agency | BD-RjUL |
| 041 ## - LANGUAGE CODE | |
| Language code of text/sound track or separate title | ben |
| 082 ## - DEWEY DECIMAL CLASSIFICATION NUMBER | |
| Edition number | 23 |
| Classification number | 891.4391 |
| Author mark and year | IQB 1952 |
| 245 00 - TITLE STATEMENT | |
| Title | ইকবালের কবিতা / |
| Statement of responsibility, etc. | সম্পাদক সৈয়দ আলী আহসান |
| 250 ## - EDITION STATEMENT | |
| Edition statement | প্রথম প্রকাশ |
| 260 ## - PUBLICATION, DISTRIBUTION, ETC. (IMPRINT) | |
| Place of publication, distribution, etc. | ঢাকা : |
| Name of publisher, distributor, etc. | প্যারাডাইজ লাইব্রেরী, |
| Date of publication, distribution, etc. | ১৯৫২ |
| 300 ## - PHYSICAL DESCRIPTION | |
| Pagination | ৯০ পৃ. ; |
| Size | ২১ সেমি. |
| 600 ## - SUBJECT ADDED ENTRY--PERSONAL NAME | |
| Personal name | ইকবাল |
| Chronological subdivision | ১৮৭৩-১৯৩৮ |
| Personal name | Iqbal |
| Chronological subdivision | 1873-1938 |
| 650 ## - SUBJECT ADDED ENTRY--TOPICAL TERM | |
| Topical term or geographic name as entry element | উর্দু কবিতা |
| 9 (RLIN) | 145066 |
| Topical term or geographic name as entry element | Urdu Poetry |
| 9 (RLIN) | 121520 |
| 700 ## - ADDED ENTRY--PERSONAL NAME | |
| Personal name | আহসান, সৈয়দ আলী সম্পাদক |
| 942 ## - ADDED ENTRY ELEMENTS (KOHA) | |
| Source of classification or shelving scheme | Dewey Decimal Classification |
| Koha item type | Books |
| Lost status | Source of classification or shelving scheme | Damaged status | Not for loan | Collection code | Permanent Location | Current Location | Shelving location | Date acquired | Source of acquisition | Cost, normal purchase price | Total Checkouts | Full call number | Date last seen | Date checked out | Copy number | Koha item type |
|---|---|---|---|---|---|---|---|---|---|---|---|---|---|---|---|---|
| Dewey Decimal Classification | Non-fiction | Central Library, University of Rajshahi | Central Library, University of Rajshahi | 10/09/1973 | Nowrose kitabitan, Dhaka. | 3.00 | 1 | B 891.4491 IQB 1952 | 27/07/2025 | 23/07/2025 | C-2 | Books | ||||
| Dewey Decimal Classification | Non-fiction | Central Library, University of Rajshahi | Central Library, University of Rajshahi | 10/09/1973 | Nowroze kitabistan | 3.00 | 1 | B 891.4491 IQB 1952 | 10/07/2017 | 02/05/2017 | C-3 | Books | ||||
| Dewey Decimal Classification | Not For Loan | Non-fiction | Central Library, University of Rajshahi | Central Library, University of Rajshahi | Reading Room | 21/12/1957 | NowRoze Kitabistan | 3.00 | B 891.4391 IQB 1952 | 13/02/2017 | C-1 | Books |